|
|
|
|
| LEADER |
00000nam0a2200000 4500 |
| 001 |
107602 |
| 005 |
20231101214737.0 |
| 010 |
|
|
|a 5283030008
|
| 020 |
|
|
|a RU
|
| 035 |
|
|
|a (RuTPU)RU\TPU\book\116163
|
| 090 |
|
|
|a 107602
|
| 100 |
|
|
|a 20061226d1990 m y0rusy5003 ca
|
| 101 |
0 |
|
|a rus
|
| 102 |
|
|
|a RU
|
| 105 |
|
|
|a y z 001zy
|
| 200 |
1 |
|
|a Дистанционные анализаторы и спектрометры
|f С. С. Курочкин, В. Н. Распутный
|
| 210 |
|
|
|a Москва
|c Энергоатомиздат
|d 1990
|
| 215 |
|
|
|a 208 с.
|c ил.
|
| 320 |
|
|
|a Библиогр.: с. 200-204.
|
| 320 |
|
|
|a Алф. указ.: с. 205-206.
|
| 606 |
1 |
|
|a Спектральный анализ
|x Приборы и системы
|2 stltpush
|3 (RuTPU)RU\TPU\subj\73675
|9 86541
|
| 610 |
1 |
|
|a измерительная техника
|
| 610 |
1 |
|
|a вычислительная техника
|
| 610 |
1 |
|
|a дистанционные анализаторы
|
| 610 |
1 |
|
|a спектрометры
|
| 610 |
1 |
|
|a спектрометрия
|
| 610 |
1 |
|
|a ядерно-физические методы
|
| 610 |
1 |
|
|a запоминающие устройства
|
| 610 |
1 |
|
|a каналы связи
|
| 610 |
1 |
|
|a наземные системы обслуживания
|
| 675 |
|
|
|a 539.1.075
|v 3
|
| 675 |
|
|
|a 543.42
|v 3
|
| 700 |
|
1 |
|a Курочкин
|b С. С.
|g Сергей Степанович
|4 070
|
| 701 |
|
1 |
|a Распутный
|b В. Н.
|g Владилен Николаевич
|4 070
|
| 801 |
|
0 |
|a RU
|b RuMRKP
|c 19950417
|g psbo
|
| 801 |
|
1 |
|a RU
|b 63413507
|c 20061226
|g PSBO
|
| 801 |
|
2 |
|a RU
|b 63413507
|c 20180626
|g PSBO
|
| 942 |
|
|
|c BK
|